| 000 | 01352cam a2200205 4500500 | ||
|---|---|---|---|
| 005 | 20260222001652.0 | ||
| 041 | _afre | ||
| 042 | _adc | ||
| 100 | 1 | 0 |
_aDelanoé-Vieux, Carine _eauthor |
| 700 | 1 | 0 |
_aCoirié, Marie _eauthor |
| 700 | 1 | 0 |
_aBouhallier, Gaspard _eauthor |
| 700 | 1 | 0 |
_aFontaine, Coline _eauthor |
| 700 | 1 | 0 |
_aSalabay, Benjamin _eauthor |
| 245 | 0 | 0 | _aPerray-Vaucluse. The history of a repurposed hôpital |
| 260 | _c2021. | ||
| 500 | _a34 | ||
| 520 | _aThis article describes the approach that GHU Paris's psychiatry and neuroscience “Lab-ah” (laboratoire de l’accueil et de l’hospitalité—welcoming and hospitality lab) adopted to support the professionals who used to work at the long-established Perray-Vaucluse Hospital (Essonne) on a cultural and memorial level. When the hospital's activities were transferred to Paris, Perray-Vaucluse had to be gradually repurposed. Practitioners, researchers, designers, and artists are working together on the concept of a “heritage home,” aimed at examining former objects and subjects and better capturing the memory of the hospital's “everyday life.” | ||
| 786 | 0 | _nL'information psychiatrique | Volume 97 | 1 | 2021-02-02 | p. 63-69 | 0020-0204 | |
| 856 | 4 | 1 | _uhttps://stm.cairn.info/journal-l-information-psychiatrique-2021-1-page-63?lang=en&redirect-ssocas=7080 |
| 999 |
_c1664609 _d1664609 |
||